000
00177nam a2200073Ia 4500
008
170817s9999 xx 000 0 und d
100
_a
Rawat.M.S
245
0
_a
Ganit Shikshaan
260
_b
Agarwal Prakashan Agara
999
_c
39367
_d
39367